Mecánica elemental
Publicado:
Barcelona :
Escuela de Trabajo de la Diputación Provincial de Barcelona. Escuela de Maestría Industrial, dl 1960
Descripción Física:
4 v. ; 21 cm
MARC
| LEADER | 00000nam a2200000Ia 4500 | ||
|---|---|---|---|
| 001 | 6179, 6180, 6181, 6182 | ||
| 008 | 160829s9999 xx 000 0 cat d | ||
| 080 | |a FU-5-38, FU-5-39, FU-5-40, FU-5-41 | ||
| 245 | |a Mecánica elemental | ||
| 260 | |a Barcelona : |b Escuela de Trabajo de la Diputación Provincial de Barcelona. Escuela de Maestría Industrial, dl 1960 | ||
| 300 | |a 4 v. ; |c 21 cm | ||
| 590 | |a Conté: v. 1: Primera parte; v. 2: Segunda parte; v. 3: Tercera parte; v.4: Cuarta parte | ||
| 650 | |a Mecànica |9 30507 | ||
| 650 | 0 | |a Escola del treball (Barcelona). Escola de Mestratge Industrial |9 21240 | |
| 901 | |a Arxiu | ||
| 942 | |n 1 | ||
| 952 | |0 0 |1 0 |4 0 |6 FU538_FU539_FU540_FU541 |7 1 |9 41847 |a Arxiu |b Arxiu |d 2016-12-01 |l 0 |o FU-5-38, FU-5-39, FU-5-40, FU-5-41 |p 6179, 6180, 6181, 61 |r 2016-12-01 00:00:00 |w 2016-12-01 |y ARXIU | ||
| 999 | |c 44294 |d 44294 | ||